[Event "HUN Team League Ch. Csongrad Region"]
[Site "Csongrád County"]
[Date "2015.09.20"]
[Round "1.1"]
[White "Miko, Valer"]
[Black "Varga, Szilvia"]
[Result "1-0"]
[WhiteElo "2078"]
[BlackElo "1411"]
[PlyCount "41"]
[EventDate "2015.09.20"]

1. e4 e5 2. f4 Nc6 3. Nf3 d6 4. Nc3 Nf6 5. Bb5 Bd7 6. d3 Be7 7. Bxc6 Bxc6 8.
fxe5 dxe5 9. Nxe5 Bd7 10. Nxd7 Nxd7 11. O-O O-O 12. Nd5 Bc5+ 13. d4 c6 14. dxc5
cxd5 15. Qxd5 Re8 16. Bg5 Qc8 17. b4 Rf8 18. Be7 Re8 19. Rxf7 h6 20. Rf8+ Kh7
21. Qf5+ 1-0

[Event "HUN Team League Ch. Csongrad Region"]
[Site "Csongrád County"]
[Date "2015.09.20"]
[Round "1.1"]
[White "Febert, Richard"]
[Black "Fabian, Istvan"]
[Result "0-1"]
[WhiteElo "1340"]
[BlackElo "1791"]
[PlyCount "126"]
[EventDate "2015.09.20"]

1. e4 e5 2. Nf3 d6 3. Bc4 Nc6 4. c3 h6 5. d4 Nf6 6. Nbd2 Be7 7. Qc2 O-O 8. Be2
Bg4 9. h3 Bh5 10. Bd3 exd4 11. cxd4 Nb4 12. Qc3 Nxd3+ 13. Qxd3 Bg6 14. O-O d5
15. Qb3 dxe4 16. Ne5 Bf5 17. Qxb7 Qxd4 18. Nc6 Qd7 19. Nc4 Bd6 20. Rd1 Bh2+ 21.
Kxh2 Qxd1 22. Ne7+ Kh7 23. Nxf5 Qe2 24. Nce3 Qxf2 25. Qxc7 Rac8 26. Qg3 Qxg3+
27. Kxg3 Nh5+ 28. Kf2 Rfd8 29. b3 Nf4 30. Nc4 Rd1 31. Bb2 Nd3+ 32. Ke2 Nxb2 33.
Rxd1 Nxd1 34. Kxd1 Rd8+ 35. Ke2 g6 36. Ne7 f5 37. Nc6 Rd7 38. N6e5 Rd5 39. Ke3
Kg7 40. g4 Kf6 41. Nc6 Rd3+ 42. Ke2 Rxh3 43. gxf5 gxf5 44. Nxa7 Rh2+ 45. Ke3
Rxa2 46. Nb5 h5 47. Nc3 Rg2 48. Nd5+ Kg5 49. Ne5 Rg3+ 50. Kf2 Rxb3 51. Nf7+ Kg4
52. Ne3+ Kh3 53. Nxf5 Rf3+ 54. Ke2 Rxf5 55. Nd6 Re5 56. Nc4 Re6 57. Ne3 Kg3 58.
Nf5+ Kf4 59. Ne3 h4 60. Ng2+ Kg3 61. Ne3 h3 62. Nf1+ Kg2 63. Ne3+ Kg1 0-1

[Event "HUN Team League Ch. Csongrad Region"]
[Site "Csongrád County"]
[Date "2015.09.20"]
[Round "1.1"]
[White "Karpati, Zoltan Dr"]
[Black "Fulop, Csilla"]
[Result "0-1"]
[WhiteElo "1730"]
[BlackElo "1342"]
[PlyCount "56"]
[EventDate "2015.09.20"]

1. d4 Nf6 2. Nf3 d5 3. c4 c6 4. cxd5 cxd5 5. Nc3 Bg4 6. Ne5 Bf5 7. Bg5 a6 8.
Qb3 Nc6 9. Bxf6 exf6 10. Nf3 Bb4 11. a3 Bxc3+ 12. Qxc3 Qb6 13. e3 O-O 14. Be2
Rac8 15. Bd1 Ne5 16. Qd2 Nd3+ 17. Kf1 Nxb2 18. Nh4 Bd3+ 19. Kg1 Rc7 20. Ra2
Nxd1 21. Qxd3 Rc1 22. Rc2 Qb1 23. Rxc1 Qxc1 24. Qf1 Rc8 25. h3 Nxe3 26. Qxc1
Rxc1+ 27. Kh2 Rxh1+ 28. Kxh1 Nc2 0-1

[Event "HUN Team League Ch. Csongrad Region"]
[Site "Csongrád County"]
[Date "2015.09.20"]
[Round "1.1"]
[White "Kocsmar, Akos"]
[Black "Kiss, Rebeka"]
[Result "0-1"]
[WhiteElo "1291"]
[BlackElo "1702"]
[PlyCount "96"]
[EventDate "2015.09.20"]

1. c4 c6 2. d4 d5 3. Nf3 Nf6 4. e3 g6 5. Bd3 Bg7 6. Nbd2 O-O 7. O-O dxc4 8.
Bxc4 Nbd7 9. Qc2 Nb6 10. Bd3 Nfd5 11. a3 Qc7 12. Rb1 Bg4 13. h3 Bxf3 14. Nxf3
Rac8 15. Bd2 Nd7 16. Rfc1 e5 17. Be4 N5f6 18. Bd3 exd4 19. Nxd4 Nd5 20. Nf3 Ne5
21. Be4 Nf6 22. Nxe5 Nxe4 23. Qxe4 Qxe5 24. Qxe5 Bxe5 25. Bc3 Bxc3 26. Rxc3
Rfd8 27. Rbc1 Rd6 28. Kf1 Kf8 29. Ke2 Rcd8 30. R3c2 Ke7 31. g4 Rd3 32. Rb1 R8d6
33. Re1 Kf6 34. f4 Ke6 35. h4 f5 36. g5 Rb3 37. Kf3 Rbd3 38. Ke2 Kf7 39. Kf3
Rd2 40. Re2 Rxc2 41. Rxc2 Rd1 42. Re2 Rb1 43. Rd2 Ke7 44. Kg2 c5 45. Kf3 c4 46.
Rc2 b5 47. b4 cxb3 48. Rc7+ Kd6 0-1

[Event "HUN Team League Ch. Csongrad Region"]
[Site "Csongrád County"]
[Date "2015.09.20"]
[Round "1.1"]
[White "Fridrik, Richard"]
[Black "Boros, Kende"]
[Result "1-0"]
[WhiteElo "1694"]
[BlackElo "1256"]
[PlyCount "65"]
[EventDate "2015.09.20"]

1. e4 g6 2. d4 Bg7 3. Nc3 d6 4. Be3 Nd7 5. Qd2 b6 6. f4 Bb7 7. Bd3 e6 8. Nf3
Ne7 9. O-O O-O 10. f5 d5 11. fxg6 fxg6 12. Ng5 Rxf1+ 13. Rxf1 Nf8 14. Qf2 Qe8
15. Nb5 Qd7 16. Qf7+ Kh8 17. e5 c6 18. Nd6 Rd8 19. Nxb7 Qxb7 20. Nxe6 Nxe6 21.
Qxe6 Qd7 22. Qxd7 Rxd7 23. Rf7 Kg8 24. e6 Rc7 25. c3 b5 26. Bf4 Rc8 27. Rxe7
Ra8 28. Rc7 Rf8 29. Bd6 Rf6 30. Rc8+ Bf8 31. e7 Kg7 32. Rxf8 Rxf8 33. exf8=Q#
1-0

[Event "HUN Team League Ch. Csongrad Region"]
[Site "Csongrád County"]
[Date "2015.09.20"]
[Round "1.1"]
[White "Gyovai, Janos"]
[Black "Kurucz, Gergely"]
[Result "1-0"]
[WhiteElo "1273"]
[BlackElo "1618"]
[PlyCount "83"]
[EventDate "2015.09.20"]

1. Nf3 d5 2. g3 Nc6 3. d4 Bf5 4. Bg2 e6 5. a3 Nf6 6. Nc3 a6 7. Bf4 Bd6 8. Qd2
Bxf4 9. Qxf4 Bxc2 10. Ne5 O-O 11. O-O Nd7 12. Nxd7 Qxd7 13. Qd2 Bg6 14. Rfe1
Ne7 15. e3 b5 16. Ne2 f6 17. Rac1 e5 18. Qc3 c6 19. dxe5 fxe5 20. Qxe5 Rae8 21.
Nf4 Nf5 22. Qc3 Rc8 23. Qb3 Bf7 24. Bh3 g6 25. Bxf5 Qxf5 26. Qd3 Qxd3 27. Nxd3
a5 28. Ne5 Be8 29. Re2 Rf6 30. Rd2 Rd6 31. b3 Kg7 32. Rb2 Re6 33. Nd3 g5 34. b4
a4 35. Rd2 Bg6 36. Ne1 Ree8 37. Nf3 h6 38. Nd4 Rc7 39. Nxb5 Rf7 40. Nd6 Rc7 41.
Nxe8+ Bxe8 42. Rxd5 1-0

[Event "HUN Team League Ch. Csongrad Region"]
[Site "Csongrád County"]
[Date "2015.09.20"]
[Round "1.1"]
[White "David, Levente Mate"]
[Black "Tamas, Attila"]
[Result "1/2-1/2"]
[WhiteElo "1508"]
[BlackElo "1212"]
[PlyCount "59"]
[EventDate "2015.09.20"]

1. e4 e5 2. Nf3 d6 3. d4 Bg4 4. Be2 Nd7 5. Nc3 Ngf6 6. dxe5 Nxe5 7. Nxe5 Bxe2
8. Qxe2 dxe5 9. Qb5+ c6 10. Qxe5+ Qe7 11. Qxe7+ Bxe7 12. Bf4 Bb4 13. Bd2 Bxc3
14. Bxc3 Nxe4 15. Be5 O-O 16. O-O Rfe8 17. Bf4 Rad8 18. Be3 b6 19. Rad1 Rd6 20.
Bf4 Rde6 21. f3 Nf6 22. Kf2 Re2+ 23. Kg1 Rxc2 24. Rd2 Rxd2 25. Bxd2 Nd5 26. Rc1
Re2 27. Rxc6 h6 28. Bc1 Nb4 29. Rc8+ Kh7 30. Kf1 1/2-1/2

[Event "HUN Team League Ch. Csongrad Region"]
[Site "Csongrád County"]
[Date "2015.09.20"]
[Round "1.2"]
[White "Martonosi, Adam"]
[Black "Ver, Imre"]
[Result "1-0"]
[WhiteElo "1769"]
[BlackElo "1865"]
[PlyCount "97"]
[EventDate "2015.09.20"]

1. c4 c5 2. g3 Nc6 3. Bg2 Nf6 4. Nc3 d6 5. Nf3 e5 6. O-O Be7 7. d3 O-O 8. Ne1
Bd7 9. Nc2 Qc8 10. Re1 a6 11. Ne3 Rb8 12. Ned5 Bd8 13. b3 Nxd5 14. Nxd5 Ne7 15.
Bb2 Nxd5 16. Bxd5 Bc6 17. Bxc6 Qxc6 18. e3 g6 19. d4 Bf6 20. dxc5 dxc5 21. Qd5
Qc7 22. Rad1 Rbd8 23. Qf3 Be7 24. Rd5 Rxd5 25. Qxd5 Bf6 26. Qf3 Bg7 27. Rd1 b6
28. Qd5 Rc8 29. Qd6 Qxd6 30. Rxd6 Rb8 31. e4 f6 32. Kf1 Rb7 33. Ke2 Kf7 34. f4
Ke7 35. Rd5 Ke6 36. Kf3 Rd7 37. fxe5 fxe5 38. Rxd7 Kxd7 39. h4 Ke6 40. Kg4 h6
41. Bc1 b5 42. Kf3 Kf7 43. cxb5 axb5 44. a4 bxa4 45. bxa4 Bf8 46. Bxh6 Bd6 47.
Bd2 c4 48. a5 Bc5 49. Be3 1-0

[Event "HUN Team League Ch. Csongrad Region"]
[Site "Csongrád County"]
[Date "2015.09.20"]
[Round "1.2"]
[White "Sipos, Kalman"]
[Black "Csibor, Andras"]
[Result "1/2-1/2"]
[WhiteElo "1816"]
[BlackElo "1841"]
[PlyCount "112"]
[EventDate "2015.09.20"]

1. e4 e6 2. d4 d5 3. Nd2 Nf6 4. e5 Nfd7 5. Ndf3 c5 6. c3 Be7 7. Bd3 Nc6 8. Ne2
a6 9. a4 Rb8 10. O-O b5 11. axb5 axb5 12. Bc2 b4 13. Be3 c4 14. Ba4 Bb7 15. Qd2
O-O 16. Bg5 b3 17. Bxc6 Bxc6 18. Ra6 Bb7 19. Bxe7 Qxe7 20. Ra7 Nb6 21. Rfa1 Ra8
22. Qc1 Rfb8 23. R1a5 Nc8 24. Rxa8 Rxa8 25. Qa1 Nb6 26. h3 h6 27. Nh2 Qd8 28.
Nf1 Bc6 29. Ne3 Na4 30. Rxa8 Qxa8 31. Qa3 Nb6 32. Qxa8+ Bxa8 33. Kf1 Na4 34.
Nd1 f6 35. f4 Bc6 36. Ke1 Be8 37. Kd2 Bg6 38. Kc1 Be4 39. Ne3 Kf7 40. g4 g6 41.
Ng3 f5 42. gxf5 gxf5 43. h4 Kg6 44. Nd1 Bf3 45. Ne3 Nb6 46. Nef1 Na8 47. Nd2
Bg2 48. Kd1 Nc7 49. Ke1 Ne8 50. Kf2 Bh3 51. Nf3 Ng7 52. Nh2 Nh5 53. Nxh5 Kxh5
54. Kg3 Bg4 55. Nf1 Be2 56. Ne3 Bd3 1/2-1/2

[Event "HUN Team League Ch. Csongrad Region"]
[Site "Csongrád County"]
[Date "2015.09.20"]
[Round "1.2"]
[White "Kralik, Attila"]
[Black "Abraham, Lajos"]
[Result "0-1"]
[WhiteElo "1765"]
[BlackElo "1766"]
[PlyCount "72"]
[EventDate "2015.09.20"]

1. Nf3 Nf6 2. g3 b6 3. Bg2 Bb7 4. O-O d6 5. c4 e5 6. d3 Nbd7 7. Nc3 c6 8. b4 d5
9. Qb3 d4 10. Ne4 Nxe4 11. dxe4 Qe7 12. a3 c5 13. Nh4 cxb4 14. Nf5 Qe6 15. axb4
b5 16. e3 bxc4 17. Qa4 d3 18. Bh3 Qc6 19. b5 Qc7 20. Bd2 g6 21. Nh4 Nb6 22. Qa5
Bxe4 23. Rfc1 Bd6 24. Bf1 O-O 25. f3 Bb7 26. e4 a6 27. Rab1 Bc5+ 28. Kg2 axb5
29. Qxb5 Ra2 30. Rb2 Rxb2 31. Qxb2 Qd6 32. Rd1 Rb8 33. f4 Bxe4+ 34. Nf3 Qd5 35.
fxe5 Bxf3+ 36. Kh3 Qe6+ 0-1

[Event "HUN Team League Ch. Csongrad Region"]
[Site "Csongrád County"]
[Date "2015.09.20"]
[Round "1.2"]
[White "Bartos, Ferenc"]
[Black "Hajnal, Bence"]
[Result "0-1"]
[WhiteElo "1817"]
[BlackElo "1754"]
[PlyCount "92"]
[EventDate "2015.09.20"]

1. e4 c6 2. Nc3 d5 3. exd5 cxd5 4. d4 Nc6 5. Nf3 Bg4 6. Bb5 e6 7. h3 Bxf3 8.
Qxf3 Bb4 9. O-O Qb6 10. Bxc6+ bxc6 11. Ne2 Nf6 12. c3 Bd6 13. b4 a5 14. Bh6 Ne4
15. Bxg7 Rg8 16. bxa5 Rxa5 17. Be5 Bxe5 18. dxe5 Nd2 19. Qh5 Nxf1 20. Qxh7 Rf8
21. Kxf1 Rb5 22. Nd4 Rb2 23. Qd3 c5 24. Nb3 c4 25. Qd4 Qxd4 26. Nxd4 Kd7 27. a4
Ra8 28. h4 Ke7 29. g4 Kf8 30. h5 Kg7 31. Kg2 Rd2 32. Ra3 Rb8 33. Kg3 Rbb2 34.
f3 Ra2 35. Rxa2 Rxa2 36. g5 Rxa4 37. f4 Ra3 38. h6+ Kg6 39. Kg4 Rxc3 40. f5+
exf5+ 41. Nxf5 Rd3 42. Nh4+ Kh7 43. Kf5 c3 44. Kf6 c2 45. g6+ fxg6 46. Nxg6
Rf3+ 0-1

[Event "HUN Team League Ch. Csongrad Region"]
[Site "Csongrád County"]
[Date "2015.09.20"]
[Round "1.2"]
[White "Szekeres, Mihaly"]
[Black "Kadnar, Emil"]
[Result "0-1"]
[WhiteElo "1708"]
[BlackElo "1670"]
[PlyCount "36"]
[EventDate "2015.09.20"]

1. d4 d5 2. e3 Nf6 3. Bd3 e6 4. Nf3 Bd6 5. b3 O-O 6. Nbd2 b6 7. Bb2 Bb7 8. O-O
Nbd7 9. c4 Ne4 10. a3 a5 11. Rc1 Qe7 12. Nb1 Ng5 13. Nfd2 dxc4 14. bxc4 Nh3+
15. Kh1 Qh4 16. f4 Nf2+ 17. Rxf2 Qxf2 18. Qe2 Bxg2# 0-1

[Event "HUN Team League Ch. Csongrad Region"]
[Site "Csongrád County"]
[Date "2015.09.20"]
[Round "1.2"]
[White "Tumbasz, Peter"]
[Black "Vizhanyo Gyomorei, Jozsef"]
[Result "0-1"]
[WhiteElo "1659"]
[BlackElo "1509"]
[PlyCount "82"]
[EventDate "2015.09.20"]

1. d4 d5 2. e4 dxe4 3. Nc3 Nf6 4. f3 exf3 5. Qxf3 Nc6 6. Bb5 Bd7 7. Be3 Nb4 8.
Bxd7+ Nxd7 9. O-O-O e6 10. Nge2 Nf6 11. g4 Nbd5 12. g5 Nxe3 13. Qxe3 Nd5 14.
Nxd5 Qxd5 15. Nc3 Qa5 16. d5 Bc5 17. Qe2 Qb4 18. Rhf1 O-O-O 19. Rxf7 Rhe8 20.
dxe6 Rxd1+ 21. Nxd1 Be7 22. Qe5 Qd6 23. Qe3 Qxh2 24. Rxg7 Qh5 25. Qxa7 Bxg5+
26. Rxg5 Qxg5+ 27. Kb1 Rxe6 28. Qa8+ Kd7 29. Qa4+ c6 30. a3 Qd5 31. c4 Qd3+ 32.
Ka2 h5 33. Qb4 Kc7 34. Nc3 h4 35. Na4 Re5 36. Nb6 h3 37. Na8+ Kb8 38. Nb6 h2
39. Qf8+ Kc7 40. c5 Rxc5 41. Qxc5 h1=Q 0-1

[Event "HUN Team League Ch. Csongrad Region"]
[Site "Csongrád County"]
[Date "2015.09.20"]
[Round "1.2"]
[White "Jakso, Abel"]
[Black "Varga, Laszlo"]
[Result "1/2-1/2"]
[WhiteElo "1265"]
[BlackElo "1713"]
[PlyCount "62"]
[EventDate "2015.09.20"]

1. d4 d5 2. Nf3 Nc6 3. Bf4 Nf6 4. e3 a6 5. h3 e6 6. Nbd2 Bd6 7. Bxd6 Qxd6 8.
Be2 O-O 9. c4 dxc4 10. Nxc4 Qb4+ 11. Qd2 Qxd2+ 12. Ncxd2 Nb4 13. O-O b5 14. a3
Nbd5 15. Rac1 Bb7 16. Nb3 Nd7 17. Rfe1 Rac8 18. Nc5 Nxc5 19. Rxc5 f6 20. Rec1
Rf7 21. Nd2 Nb6 22. Bd1 Bd5 23. b3 Ba8 24. Bf3 Bxf3 25. Nxf3 Kf8 26. Rc6 Re8
27. Rxc7 Rxc7 28. Rxc7 Rc8 29. Rxc8+ Nxc8 30. Kf1 Nd6 31. Nd2 Ke7 1/2-1/2

[Event "HUN Team League Ch. Csongrad Region"]
[Site "Csongrád County"]
[Date "2015.09.20"]
[Round "1.3"]
[White "Hajdu, Istvan"]
[Black "Szabo, Zoltan"]
[Result "1-0"]
[WhiteElo "1992"]
[BlackElo "1830"]
[PlyCount "45"]
[EventDate "2015.09.20"]

1. e4 e5 2. Nf3 Nc6 3. d4 exd4 4. Bc4 Nf6 5. e5 Ng4 6. Qe2 Be7 7. h3 Nh6 8.
Bxh6 gxh6 9. Nbd2 d5 10. Bb5 Bd7 11. O-O-O a6 12. Bxc6 bxc6 13. Nxd4 Qc8 14.
Rhe1 c5 15. e6 Bxe6 16. Nxe6 Qxe6 17. Qxe6 fxe6 18. Rxe6 Kd7 19. Rxh6 c6 20. f4
Raf8 21. Rf1 Bg5 22. fxg5 Rxf1+ 23. Nxf1 1-0

[Event "HUN Team League Ch. Csongrad Region"]
[Site "Csongrád County"]
[Date "2015.09.20"]
[Round "1.3"]
[White "Oravecz, Matyas"]
[Black "Csipai, Levente"]
[Result "1/2-1/2"]
[WhiteElo "1727"]
[BlackElo "1896"]
[PlyCount "96"]
[EventDate "2015.09.20"]

1. b3 e5 2. Bb2 f6 3. e3 d5 4. g3 Be6 5. Bg2 Nc6 6. Nc3 Qd7 7. Qe2 Bc5 8. Qb5
b6 9. a3 a6 10. Qe2 Nge7 11. Qh5+ Bf7 12. Qh3 Be6 13. Qh5+ g6 14. Qe2 O-O 15.
h4 h5 16. Bh3 Bd6 17. Bxe6+ Qxe6 18. O-O-O Na7 19. f3 Nf5 20. Qg2 Nh6 21. Nh3
Nb5 22. a4 Na7 23. Nf2 f5 24. Rdg1 e4 25. d3 exf3 26. Qxf3 c6 27. Nh3 Be5 28.
Nf4 Qf6 29. d4 Bd6 30. Nd1 b5 31. Nc3 Rad8 32. Nd3 Qe7 33. Nf4 Kh7 34. Nh3 Ng4
35. Re1 Rde8 36. Nf2 Nf6 37. Re2 Qc7 38. Rg1 Nc8 39. Nd3 Nb6 40. Nc5 Qa7 41. a5
Nbd7 42. b4 Nb8 43. Kb1 Qc7 44. Reg2 Rf7 45. Bc1 Ng4 46. Bd2 Qe7 47. Re1 Qf6
48. Nd1 Bf8 1/2-1/2

[Event "HUN Team League Ch. Csongrad Region"]
[Site "Csongrád County"]
[Date "2015.09.20"]
[Round "1.3"]
[White "Revesz, Norbert"]
[Black "Imreh, Csanad"]
[Result "1-0"]
[WhiteElo "1841"]
[BlackElo "1764"]
[PlyCount "77"]
[EventDate "2015.09.20"]

1. e4 e6 2. d4 d5 3. exd5 exd5 4. Bd3 Nf6 5. Ne2 Be7 6. O-O O-O 7. Bf4 Bd6 8.
Bg5 h6 9. Bh4 Nbd7 10. Nbc3 c6 11. Qd2 Qc7 12. Bg3 Nh5 13. Bxd6 Qxd6 14. Ng3
Nxg3 15. hxg3 Nf6 16. Rfe1 Bd7 17. b3 Kh8 18. Na4 b6 19. Nb2 Rfe8 20. c3 b5 21.
a4 a6 22. Rxe8+ Rxe8 23. axb5 cxb5 24. Qf4 Qxf4 25. gxf4 Ra8 26. Kf1 Bc6 27. f3
Kg8 28. Kf2 Bb7 29. g4 g5 30. fxg5 hxg5 31. Bf5 Kg7 32. Nd3 Bc8 33. Bxc8 Rxc8
34. Nc5 Nd7 35. Nxd7 Rxc3 36. Rxa6 Rxb3 37. Rb6 Rd3 38. Rxb5 Rxd4 39. Nb6 1-0

[Event "HUN Team League Ch. Csongrad Region"]
[Site "Csongrád County"]
[Date "2015.09.20"]
[Round "1.3"]
[White "Filep, Miklos Jr"]
[Black "Balatoni, Gyorgy"]
[Result "0-1"]
[WhiteElo "1758"]
[BlackElo "1772"]
[PlyCount "106"]
[EventDate "2015.09.20"]

1. f4 Nf6 2. Nf3 d5 3. e3 c6 4. d4 Bg4 5. Be2 Bxf3 6. Bxf3 e6 7. Nc3 Bb4 8. O-O
Bxc3 9. bxc3 O-O 10. a4 Nbd7 11. Ba3 Re8 12. Qd3 Qc7 13. Rfb1 b6 14. c4 dxc4
15. Qxc4 Rac8 16. g3 c5 17. Rb2 cxd4 18. Qxd4 Qc3 19. Kf1 Qxd4 20. exd4 Rc3 21.
Bb7 Rc7 22. Ba6 Nb8 23. Bd3 Rd8 24. a5 Nd5 25. axb6 axb6 26. Ke1 Nd7 27. Kd2
Ra7 28. Bb5 N7f6 29. c4 Nc7 30. Ke3 Rda8 31. Rb3 Nxb5 32. cxb5 Nd5+ 33. Ke4 g6
34. Ke5 Ra4 35. h4 R8a5 36. Ke4 f6 37. Kd3 h5 38. Ke4 Kf7 39. Kd3 Ke8 40. Ke4
Kd7 41. Kd3 Nc7 42. Kc2 Rxb5 43. Bb2 Rxa1 44. Bxa1 Rxb3 45. Kxb3 Kc6 46. Bb2
Nd5 47. Ba3 b5 48. Bc1 f5 49. Ba3 Nf6 50. Bb4 Kd5 51. Be7 Ne4 52. Kb4 Kxd4 53.
Kxb5 Kd5 0-1

[Event "HUN Team League Ch. Csongrad Region"]
[Site "Csongrád County"]
[Date "2015.09.20"]
[Round "1.3"]
[White "Nagy, Viktor"]
[Black "Molnar, Jeno"]
[Result "1/2-1/2"]
[WhiteElo "1768"]
[BlackElo "1693"]
[PlyCount "65"]
[EventDate "2015.09.20"]

1. e4 e6 2. d4 d5 3. exd5 exd5 4. Bd3 Nf6 5. Bg5 Be7 6. c3 Ne4 7. Bxe7 Qxe7 8.
Ne2 O-O 9. O-O c5 10. Re1 c4 11. Bc2 Qf6 12. f3 Ng5 13. Nd2 Bf5 14. Ng3 Bxc2
15. Qxc2 g6 16. Re2 Nc6 17. Rae1 Ne6 18. Re3 Nf4 19. Ne2 Nd3 20. Rd1 Rae8 21.
Rxe8 Rxe8 22. Nc1 Nxc1 23. Qxc1 Qe6 24. Nf1 b5 25. Qd2 a5 26. Kf2 b4 27. Re1
Qxe1+ 28. Qxe1 Rxe1 29. Kxe1 Kg7 30. Ne3 Ne7 31. Kd2 Kf6 32. g3 h5 33. h3
1/2-1/2

[Event "HUN Team League Ch. Csongrad Region"]
[Site "Csongrád County"]
[Date "2015.09.20"]
[Round "1.3"]
[White "Jurasits, Miklos"]
[Black "Kozak, Janos"]
[Result "1-0"]
[WhiteElo "1645"]
[BlackElo "1619"]
[PlyCount "95"]
[EventDate "2015.09.20"]

1. e4 c5 2. Bc4 e6 3. Nf3 a6 4. O-O Nc6 5. a3 Qc7 6. Be2 Nf6 7. d3 Be7 8. Nc3
O-O 9. h3 Rd8 10. d4 cxd4 11. Nxd4 d5 12. Nxc6 bxc6 13. exd5 cxd5 14. Bf3 Rb8
15. Qe2 h6 16. Rd1 Bb7 17. g3 Bd6 18. Be3 Bc5 19. Bf4 Bd6 20. Be3 Be5 21. Bd4
Bxd4 22. Rxd4 e5 23. Rb4 a5 24. Rb3 Bc6 25. Re1 e4 26. Bg2 Nd7 27. Nb5 Qe5 28.
a4 Rb7 29. Qd2 Bxb5 30. Rxb5 Rxb5 31. axb5 Rb8 32. Qxa5 Qxb2 33. Bf1 Qxc2 34.
Qa7 Qc8 35. Rd1 Nb6 36. Qe7 Qd8 37. Qe5 Rb7 38. Qxe4 Re7 39. Qf5 Qd6 40. Bg2 g6
41. Qd3 Rd7 42. Qd4 f6 43. Rc1 Qe6 44. Rc6 Rd6 45. Qxb6 Rxc6 46. Qxc6 Qe1+ 47.
Bf1 d4 48. Qd5+ 1-0

[Event "HUN Team League Ch. Csongrad Region"]
[Site "Csongrád County"]
[Date "2015.09.20"]
[Round "1.3"]
[White "Makay, Andor Dr"]
[Black "Filep, Miklos Sr"]
[Result "1/2-1/2"]
[WhiteElo "1710"]
[BlackElo "1584"]
[PlyCount "149"]
[EventDate "2015.09.20"]

1. d4 f5 2. Nc3 b6 3. e4 fxe4 4. Nxe4 Bb7 5. d5 Nf6 6. Nxf6+ exf6 7. Nf3 Qe7+
8. Be2 Qe4 9. O-O Qxd5 10. Bd3 Qd6 11. Re1+ Be7 12. Qe2 Nc6 13. a3 O-O-O 14.
Be3 Rhe8 15. Rad1 Ne5 16. Nxe5 Qxe5 17. c3 Bd6 18. f4 Qe7 19. Qf2 Qf7 20. b4
Qb3 21. Bd4 Kb8 22. Bf5 Rxe1+ 23. Rxe1 Bc6 24. Ra1 Qd5 25. Bh3 Re8 26. a4 Re4
27. b5 Rxf4 28. Qc2 Qe4 29. Qxe4 Bxe4 30. Bxd7 Bd5 31. Rd1 Re4 32. Ra1 Re2 33.
Bh3 Be5 34. Kf1 Rc2 35. Re1 Bc4+ 36. Kg1 Bxd4+ 37. cxd4 Re2 38. Rc1 Bd5 39. Kf1
Re4 40. Re1 Rxe1+ 41. Kxe1 Bb3 42. Bf5 g6 43. Bd3 Bxa4 44. Kd2 Bb3 45. Ke3 Bd5
46. g3 Kb7 47. h4 c6 48. h5 gxh5 49. bxc6+ Bxc6 50. Bxh7 Be8 51. Be4+ Kc7 52.
Kf4 Kd6 53. Kf5 Ke7 54. Bd5 a5 55. Ke4 b5 56. Kd3 Kd6 57. Ba2 b4 58. Kc2 a4 59.
Kb2 b3 60. Bb1 Kd5 61. Kc3 Bf7 62. Bd3 Be8 63. Bc4+ Kd6 64. Kb2 f5 65. Kc3 f4
66. gxf4 h4 67. Bf1 Bd7 68. Bg2 h3 69. Bh1 h2 70. d5 Ke7 71. Be4 Kf6 72. Kb2
Bf5 73. Bg2 Bd3 74. Kc3 Bb5 75. Be4 1/2-1/2

[Event "HUN Team League Ch. Csongrad Region"]
[Site "Csongrád County"]
[Date "2015.09.20"]
[Round "1.4"]
[White "Adok, Janos"]
[Black "Kurucsai, Andras"]
[Result "1-0"]
[WhiteElo "2241"]
[BlackElo "1723"]
[PlyCount "71"]
[EventDate "2015.09.20"]

1. c4 c5 2. Nf3 Nc6 3. d4 cxd4 4. Nxd4 e6 5. Nc3 Nf6 6. e4 Bb4 7. Nxc6 bxc6 8.
Bd3 O-O 9. O-O d5 10. e5 Nd7 11. Qh5 f5 12. exf6 Nxf6 13. Qe2 Bd6 14. Bg5 Qc7
15. h3 Qf7 16. Rad1 Bd7 17. Qc2 Qh5 18. f4 Qf7 19. Kh1 Rae8 20. Rf3 Kh8 21. Qf2
Bb8 22. Qh4 h6 23. Rdf1 Bd6 24. f5 e5 25. Bxf6 Qxf6 26. Qxf6 gxf6 27. cxd5 c5
28. Ne4 Be7 29. Rc1 Rb8 30. b3 Rb4 31. d6 Bd8 32. Nxc5 Rf7 33. Bc4 Rg7 34. Ne6
Bb6 35. Nxg7 Kxg7 36. Be6 1-0

[Event "HUN Team League Ch. Csongrad Region"]
[Site "Csongrád County"]
[Date "2015.09.20"]
[Round "1.4"]
[White "Nagy, Zoltan"]
[Black "Borsi, Imre"]
[Result "0-1"]
[WhiteElo "1705"]
[BlackElo "2100"]
[PlyCount "76"]
[EventDate "2015.09.20"]

1. e4 c5 2. Nf3 Nc6 3. c3 Nf6 4. d3 e5 5. h3 d5 6. Qc2 h6 7. a3 a5 8. b3 Be6 9.
Nbd2 g5 10. g3 d4 11. Bb2 Rc8 12. Nc4 Qc7 13. Bg2 b5 14. Ncd2 dxc3 15. Bxc3 Nd7
16. Bb2 Bg7 17. Rc1 O-O 18. O-O Rfd8 19. Rfd1 Qb7 20. Ba1 Nb6 21. Qb1 Nd4 22.
Nxd4 cxd4 23. Qb2 Qd7 24. Kh2 Bf8 25. Rxc8 Rxc8 26. Rc1 Qd6 27. Rxc8 Bxc8 28.
a4 bxa4 29. bxa4 Ba6 30. Qc2 Qb4 31. Nf3 Bd6 32. Bf1 Qxa4 33. Qxa4 Nxa4 34. Nd2
Nc5 35. f4 gxf4 36. gxf4 Bxd3 37. fxe5 Bxe5+ 38. Kg1 Bxe4 0-1

[Event "HUN Team League Ch. Csongrad Region"]
[Site "Csongrád County"]
[Date "2015.09.20"]
[Round "1.4"]
[White "Baranyi, Erno"]
[Black "Papp, Zoltan"]
[Result "1/2-1/2"]
[WhiteElo "2113"]
[BlackElo "1848"]
[PlyCount "63"]
[EventDate "2015.09.20"]

1. d4 d5 2. c4 c6 3. Nc3 Nf6 4. Bg5 Bf5 5. Bxf6 gxf6 6. cxd5 cxd5 7. Qb3 e6 8.
e3 Qb6 9. Qxb6 axb6 10. a3 Bb4 11. Rc1 Bxc3+ 12. Rxc3 Kd7 13. Nf3 Rc8 14. Bb5+
Nc6 15. Kd2 Rc7 16. Rhc1 Kd6 17. Bd3 Bxd3 18. Kxd3 Rac8 19. Nd2 e5 20. b4 e4+
21. Nxe4+ dxe4+ 22. Kxe4 Ne7 23. Rxc7 Rxc7 24. Rxc7 Kxc7 25. g4 Kd6 26. f4 Ke6
27. f5+ Kd6 28. Kd3 b5 29. e4 Nc6 30. h4 Ne7 31. Ke3 Nc6 32. Kd3 1/2-1/2

[Event "HUN Team League Ch. Csongrad Region"]
[Site "Csongrád County"]
[Date "2015.09.20"]
[Round "1.4"]
[White "Heintz, Sebestyen"]
[Black "Abraham, Zoltan"]
[Result "1/2-1/2"]
[WhiteElo "1740"]
[BlackElo "1966"]
[PlyCount "85"]
[EventDate "2015.09.20"]

1. e4 d6 2. d4 Nf6 3. Nc3 g6 4. Bg5 Bg7 5. Bd3 O-O 6. Qd2 c6 7. Nge2 b5 8. a3
a5 9. Na2 Nbd7 10. O-O Qb6 11. c3 c5 12. Be3 Qb7 13. f3 c4 14. Bc2 h5 15. Nac1
a4 16. Na2 Nb8 17. Nb4 Ne8 18. Kh1 Nc6 19. Bh6 Kh7 20. Bxg7 Nxg7 21. Nd5 Nd8
22. Qg5 f6 23. Qg3 Nf7 24. Ndf4 Nh8 25. e5 Bf5 26. exf6 Rxf6 27. Bxf5 Rxf5 28.
Rad1 Kh6 29. Qf2 g5 30. Ng3 Rxf4 31. Rfe1 Raf8 32. Qe2 Ng6 33. h3 d5 34. Qe3
Nf5 35. Nxf5+ R8xf5 36. Re2 Qd7 37. Rf2 Kg7 38. g3 Rf7 39. gxf4 gxf4 40. Qe2
Qxh3+ 41. Rh2 Qf5 42. Rg1 Kh6 43. Qg2 1/2-1/2

[Event "HUN Team League Ch. Csongrad Region"]
[Site "Csongrád County"]
[Date "2015.09.20"]
[Round "1.4"]
[White "Buzas, Andras"]
[Black "Komocsin, Kont"]
[Result "0-1"]
[WhiteElo "1837"]
[BlackElo "1582"]
[PlyCount "94"]
[EventDate "2015.09.20"]

1. d4 Nf6 2. c4 g6 3. Nc3 Bg7 4. Nf3 d6 5. h3 c6 6. e4 O-O 7. Bd3 Nbd7 8. O-O
Ne8 9. Be3 Nc7 10. Rc1 b6 11. Qd2 c5 12. Bb1 Re8 13. Rfd1 Bb7 14. Bh6 Bh8 15.
Qe3 Ne6 16. Ne2 Qc7 17. d5 Ng7 18. g4 e6 19. Ng3 b5 20. b3 bxc4 21. bxc4 Nb6
22. h4 exd5 23. cxd5 Nxd5 24. Qb3 Nf6 25. Bf4 Nxe4 26. Bxe4 Bxe4 27. Ng5 Bb7
28. Rxd6 Qe7 29. Rd3 Ne6 30. Bd6 Qd7 31. Nxe6 Rxe6 32. Bxc5 Qc6 33. f3 Rae8 34.
Kf2 Ba6 35. Ba3 Qb6+ 36. Bc5 Qc7 37. Rd2 Be5 38. Ne4 Bf4 39. Ba3 Qb6+ 40. Qxb6
axb6 41. Re2 Bxc1 42. Nf6+ Kh8 43. Bxc1 Rxe2+ 44. Kg3 R8e6 45. Nd5 Rxa2 46. Nc7
Rc6 47. Bf4 Rxc7 0-1